000 00617nam a2200205Ia 4500
003 OSt
005 20220924113232.0
006 a|||||r|||| 00| 0
007 ta
008 220923b |||||||| |||| 00| 0 hin d
024 _a208923
037 _cDictionary
040 _aARTS
_cARTS
_bhin
041 _2hin
_ahin
082 _aP169:4k, 152J5/RR
245 0 _aअन्जुमन ए तरक्की ए उर्दू हिन्द उर्दू हिन्दी डिक्शनरी
260 _c1936
942 _hP169:4k, 152J5/RR
_cdic
_2cc
999 _c389675
_d389675